000 00664nam a2200241Ia 4500
003 OSt
005 20221005120405.0
006 a|||||r|||| 00| 0
007 ta
008 221004b |||||||| |||| 00| 0 eng d
024 _a52077
037 _cTextual
040 _aCRL
_cCRL
_beng
041 _2eng
_aeng
082 _aR3xM06w, K3.1-.2-;1
100 _aMill John Stuart
245 0 _aEarlier letters 1812-1848 ed by Francis E Mineka 2 V
260 _c1963
490 _aCollected works of John Stuart Mill; 12, 13
650 _aPHILOSOPHY
942 _hR3xM06w, K3.1-.2-;1
_cTEXL
_2cc
999 _c1037824
_d1037824